000
00350nam a2200169Ia 4500
100
_a
Anderson/John D
650
_a
Fluid dynamics
942
_c
BK
366
_f
20
654
_a
fluid dynamics
245
_a
Computational fluid dynamics
260
_b
Mc Graw Hill
_c
1995
082
_b
AND
300
_a
547
546
_a
ENGLISH
999
_c
35472
_d
35472